000 01458nam2a2200289 4500
001 rc\4121996
005 20260417153311.0
035 _a(NLR Aleph) 007981545
090 _a8523065
_c8523065
100 _a20130415d1962 u y0rusy50 ca
101 0 _arus
102 _aRU
105 _aac g 001yy
200 0 _a1963
_f[Государственный центральный музей музыкальной культуры имени М. И. Глинки
_gавторы-составители: В. Г. Алексеева и др.]
210 _d1962
215 _a326, [17] с., [8] л. ил., портр.
_d15
309 _aНепросчит. 16 страниц из плотной бумаги синего цв.
320 _aАлф. указ.: с. 319–324
461 0 _1001rc\4121989
_12001#$aМузыкальный календарь ...$e[ежегодник]$v1963
_98523024
_cМосква
_d1956–
_nГосударственное музыкальное изд-во
_o[ежегодник]
_tМузыкальный календарь ...
_v1963
702 1 _aАлексеева
_bВ. Г.
_4220
712 0 2 _4570
_aГосударственный центральный музей музыкальной культуры им. М. И. Глинки
_cМосква
_9506647
_3RU\NLR\AUTH\8810004668
801 0 _aRU
_bNLR
_gpsbo
801 1 _aRU
_bELAR
_2rusmarc
852 _aNLR
_j60-1/1119
942 _cBOOK
980 _aNB